Días geniales o lúdricos I

שמור ב:
מידע ביבליוגרפי
מחבר ראשי: Caro, Rodrigo
פורמט: ספר
שפה:Undetermined
יצא לאור: Madrid, España Espasa-Calpe 1978
נושאים:
תגים: הוספת תג
אין תגיות, היה/י הראשונ/ה לתייג את הרשומה!

MARC

LEADER 00000nam a2200000Ia 4500
008 170316s9999 xx 000 0 und d
040 |a cru BVZT 
090 |a 862 C-17d v.1 
100 |a Caro, Rodrigo 
245 |a Días geniales o lúdricos I 
260 |a Madrid, España 
260 |b Espasa-Calpe 
260 |c 1978 
300 |a 210 páginas 
650 |a LITERATURA ESPAÑOLA 
999 |c 9619  |d 9619 
942 |c 15 D  |h 862 C-17d v.1  |2 z